000 00771nam a2200193 a 4500
008 081112s2000 ||||||||||||||||| || u
020 _a0821344900
050 _aIBRD(02)
100 _aTobis, David
245 1 0 _aMoving from residential institutions to community-based social services in Central and Eastern Europe and the former Soviet Union
_cDavid Tobis
260 _aWashington D.C.:
_bWorld Bank
_c2000
300 _aviii, 62p.: ill.
350 _a0.00
650 _aSOCIAL SERVICE--DEVELOPING COUNTRIES
650 _aCHANGE
650 _aSOCIAL CHANGE--ECONOMIC ASPECTS
710 _aWorld Bank
995 _D0.00
_FCBU-MAIN LIBRARY (Kitwe)
_H1
_I0.00
_M1
_UAVAILABLE
_WNov 12, 2008
_ZAnnex Low-Usage Collection
999 _c51738
_d51738